| 000 | 00659cam a22002297a 4500 | ||
|---|---|---|---|
| 001 | 001806 | ||
| 003 | armpunfd | ||
| 005 | 20140612090650.0 | ||
| 008 | 051014e0####xx#a##########000#0#und#d | ||
| 040 |
_aarmpunfd _carmpunfd |
||
| 080 | _a347.41 B 233 | ||
| 100 | 1 | 0 | _a Barbero, Omar U. |
| 245 | 1 | 0 | _aIndexacion de las deudas de dinero |
| 260 |
_a Uenos Aires : La Ley _b1980. 151 P. |
||
| 650 | 7 |
_a Abuso Del Derecho _2LEMB |
|
| 650 | 7 |
_a Deudas De Dinero _2LEMB |
|
| 650 | 7 |
_a Indexacion _2LEMB |
|
| 650 | 7 |
_a Obligaciones Dinerarias _2LEMB |
|
| 650 | 7 |
_a Teoria De La Imprevision _2LEMB |
|
| 942 |
_cLB _2cdu |
||
| 945 |
_aCatalis _d2010-08-19 |
||
| 999 |
_c1797 _d232301 |
||